LEADER 01102nam a2200277 i 4500 001 991001201099707536 008 050625s1979 nyua b 001 0 eng d 020 $a047102404X 035 $ab13335790-39ule_inst 040 $aDip.to Ingegneria dell'Innovazione$beng 082 $a546.683/2 100 10$aIler, Ralph K.$0605344 245 14$aThe chemistry of silica :$bsolubility, polymerization, colloid and surface properties, and biochemistry /$cRalph K. Iler 260 0 $aNew York [etc] :$bJhon Wileye Sons,$cc1979 300 $axxiv, 866 p. :$bill. ;$c24 cm 500 $a"A Wiley-Interscience publication." 504 $aIncludes bibliographical references and indexes 650 4$aSilica 650 4$aSilicates 650 4$aColloids 907 $a.b13335790$b21-09-06$c05-09-05 912 $a991001201099707536 945 $aLE026 546.683 ILE 01.01 1979$g1$i2026000024448$lle026$nProf. Licciulli / Biblioteca$op$pE265.58$q-$rl$s- $t4$u13$v3$w13$x0$y.i14123022$z07-09-05 996 $aChemistry of silica$91092679 997 $aUNISALENTO 998 $ale026$b25-06-05$cm$da $e-$feng$gnyu$h4$i0 LEADER 01000nam a22002531i 4500 001 991001423059707536 005 20031110223111.0 008 040407s1977 it |||||||||||||||||ita 035 $ab12768017-39ule_inst 035 $aARCHE-074764$9ExL 040 $aDip.to Scienze Storiche$bita$cA.t.i. Arché s.c.r.l. Pandora Sicilia s.r.l. 082 04$a337.41 100 1 $aRabb, Theodore Kwasnik$0484271 245 10$aGentiluomini e mercanti :$bl'espansione inglese, 1575-1630 /$cTheodore K. Rabb 260 $aTorino :$bRosenberg & Sellier,$c[1977?] 300 $aVI, 210 p. ;$c22 cm 650 4$aColonialismo inglese$xStoria$y1575-1630 651 4$aGran Bretagna$xStoria$ySec. 16.-17. 907 $a.b12768017$b02-04-14$c16-04-04 912 $a991001423059707536 945 $aLE009 STOR.73-103$g1$i2009000236905$lle009$o-$pE0.00$q-$rl$s- $t0$u0$v0$w0$x0$y.i13309730$z16-04-04 996 $aGentiluomini e mercanti$9294861 997 $aUNISALENTO 998 $ale009$b16-04-04$cm$da $e-$fita$git $h0$i1